00702nam a2200193 i 450000100060000000300090000600500170001500700030003200800410003510000390007624500770011526000610019230000220025349000340027583000420030985200210035199900170037295201190038960164ES-MaACL20260305063018.0t|031103s1909 fr ||||1| fre d1 aErnout, Alfred, d1879-197394741614aLes èléments dialectause du vocabulaire latin / cpar Alfred Ernout. aParís : b[s.n., c1909] (eMacon : fProtat Frères) a253 p. ; c25 cm.1 aCollection linguistique ; v30 aCollection linguistique ; v39186991 aES-MaACLjB-3911 c60164d60164 00104070aATENEOMbATENEOMcSPBd2008-01-17eSCl0oB-3911p1063108r2023-02-23 00:00:00w2023-02-23yMONOGRAFIA